000 00629nam a22002177a 4500
999 _c6177
_d6177
003 OSt
005 20190903125139.0
008 181112b xxu||||| |||| 00| 0 eng d
020 _a9780073376851
020 _a9789814670128
040 _cDDC.
082 _a658.4 HAA 2015
100 _aHaag, Stephen; Cummings, Maeve
_912748
245 _aManagement Information Systems: for the information age
250 _a9th ed.
260 _aNew York;
_bMcGraw-hill,
_c2015.
300 _axxxv,554p;
_bcol.ill:
_c28cm.
504 _aGlossary, notes, & index included
650 _aInformation management.
_95305
942 _2ddc
_cO_SHELF